Central Library OPAC University of Rajshahi

The judiciary under the Constitution ; (Record no. 47116)

MARC details
000 -LEADER
fixed length control field 00663nam a2200229 a 4500
001 - CONTROL NUMBER
control field 47116
003 - CONTROL NUMBER IDENTIFIER
rucl marc code BD-RjUL
005 - DATE AND TIME OF LATEST TRANSACTION
control field 20211209054249.0
008 - FIXED-LENGTH DATA ELEMENTS--GENERAL INFORMATION
fixed length control field 851018s1964 pk 000 0 eng
035 ## - SYSTEM CONTROL NUMBER
System control number (BD-RjUL)47235
040 ## - CATALOGING SOURCE
Original cataloging agency DLC
Transcribing agency CarP
Modifying agency DLC
-- BD-RjUL
Language of cataloging eng
041 ## - LANGUAGE CODE
Language code of text/sound track or separate title eng
082 ## - DEWEY DECIMAL CLASSIFICATION NUMBER
Edition number 23
Author mark and year HAJ 1964
Classification number 342
100 10 - MAIN ENTRY--PERSONAL NAME
Personal name Hasan, Nurul.
9 (RLIN) 143484
245 14 - TITLE STATEMENT
Title The judiciary under the Constitution ;
260 ## - PUBLICATION, DISTRIBUTION, ETC. (IMPRINT)
Place of publication, distribution, etc. Karachi :
Name of publisher, distributor, etc. S. G. N. Pub. House :
Date of publication, distribution, etc. 1964
300 ## - PHYSICAL DESCRIPTION
Pagination 49 p. ;
Size 21 cm.
490 ## - SERIES STATEMENT
Series statement Constitutional law series-1
650 #0 - SUBJECT ADDED ENTRY--TOPICAL TERM
Topical term or geographic name as entry element Constitutional and administrative law
Geographic subdivision Pakistan.
9 (RLIN) 143485
942 ## - ADDED ENTRY ELEMENTS (KOHA)
Source of classification or shelving scheme Dewey Decimal Classification
Koha item type Books
Holdings
Lost status Source of classification or shelving scheme Damaged status Not for loan Collection code Permanent Location Current Location Shelving location Date acquired Source of acquisition Cost, normal purchase price Total Checkouts Full call number Date last seen Copy number Koha item type
  Dewey Decimal Classification     Non-fiction Central Library, University of Rajshahi Central Library, University of Rajshahi   22/05/1967 Pak. American co. karachi 2.00   342 HAJ 1964 07/08/2016 C-2 Books